| 000 | 00433nam a22001337a 4500 | ||
|---|---|---|---|
| 008 | 190522b xxu||||| |||| 00| 0 eng d | ||
| 020 | _a9968972975 | ||
| 082 |
_a861.44 _bC413i |
||
| 100 |
_aCerdas Vega, Gerardo _97046 |
||
| 245 | _aLa imagen Calcinada | ||
| 260 |
_aSan José, Costa Rica _bEditores Alambique _c1997 |
||
| 300 |
_a52 p. _c21,5 x 14 cm |
||
| 650 |
_2Literatura _vPoesía _zLiteratura - Costa Rica _zPoesía costarricense _97047 |
||
| 999 |
_c1789 _d1789 |
||